[Event "FRA-chT2B 0506"]
[Site "France"]
[Date "2006.02.05"]
[Round "7.8"]
[White "Rabineau, Clement"]
[Black "Minvielle, Loic"]
[Result "1/2-1/2"]
[WhiteElo "2189"]
[BlackElo "2010"]
[PlyCount "33"]
[EventDate "2005.10.27"]
[EventType "team-tourn"]
[EventRounds "11"]
[EventCountry "FRA"]
[SourceTitle "EXT 2006"]
[Source "ChessBase"]
[SourceDate "2005.11.24"]
[SourceVersion "1"]
[SourceVersionDate "2005.11.24"]
[SourceQuality "1"]
[WhiteTeam "Clichy II"]
[BlackTeam "Rueil Malmaison"]
[WhiteTeamCountry "FRA"]
[BlackTeamCountry "FRA"]

1. e4 e6 2. d4 d5 3. Nc3 Nf6 4. Bg5 dxe4 5. Nxe4 Be7 6. Bxf6 Bxf6 7. Nf3 0-0 8. Bd3 Nd7 9. Qe2 c5 10. h4 cxd4 11. Nfg5 Qa5+ 12. b4 Qxb4+ 13. Kf1 h6 14. Kg1 Bd8 15. f4 e5 16. Rf1 exf4 17. Rxf4 1/2-1/2

[Event "FRA-chT2B 0506"]
[Site "France"]
[Date "2005.12.04"]
[Round "4.5"]
[White "Minvielle, Loic"]
[Black "Vaugeois, Cyrille"]
[Result "1/2-1/2"]
[WhiteElo "2030"]
[BlackElo "2131"]
[PlyCount "85"]
[EventDate "2005.10.27"]
[EventType "team-tourn"]
[EventRounds "11"]
[EventCountry "FRA"]
[SourceTitle "EXT 2006"]
[Source "ChessBase"]
[SourceDate "2005.11.24"]
[SourceVersion "1"]
[SourceVersionDate "2005.11.24"]
[SourceQuality "1"]
[WhiteTeam "Rueil Malmaison"]
[BlackTeam "Orcher La Tour II"]
[WhiteTeamCountry "FRA"]
[BlackTeamCountry "FRA"]

1. d4 Nf6 2. c4 g6 3. Nc3 Bg7 4. e4 d6 5. f4 0-0 6. Nf3 c5 7. d5 b5 8. cxb5 a6 9. bxa6 Bxa6 10. Bxa6 Nxa6 11. 0-0 Qb6 12. Qe2 Nc7 13. Kh1 Rfb8 14. Rb1 Nb5 15. Bd2 Nxc3 16. Bxc3 Rxa2 17. Ra1 Rba8 18. Rxa2 Rxa2 19. Qc4 Qa6 20. Qxa6 Rxa6 21. Re1 Ra4 22. Nd2 Nh5 23. g3 Bxc3 24. bxc3 Ra2 25. Nc4 Ra4 26. Nb6 Ra7 27. e5 Rb7 28. exd6 exd6 29. Re8+ Kg7 30. Nc8 Nf6 31. Re1 Nxd5 32. Nxd6 Rb6 33. Nc8 Rc6 34. Ne7 Re6 35. Rxe6 fxe6 36. Nxd5 exd5 37. Kg2 h5 38. h3 Kf6 39. Kf3 g5 40. fxg5+ Kxg5 41. Ke3 Kf5 42. Kd3 Ke5 43. Ke3 1/2-1/2